KOHA-Header-6

Artificial Intelligence (Record no. 2162)

000 -LEADER
fixed length control field 00261nam a2200109Ia 4500
008 - FIXED-LENGTH DATA ELEMENTS--GENERAL INFORMATION
fixed length control field 190802s9999 xx 000 0 und d
100 ## - MAIN ENTRY--PERSONAL NAME
Personal name Stuart Russell
245 #0 - TITLE STATEMENT
Title Artificial Intelligence
260 ## - PUBLICATION, DISTRIBUTION, ETC. (IMPRINT)
Place of publication, distribution, etc USA
Name of publisher, distributor, etc McGraw Hill
Date of publication, distribution, etc 2018
300 ## - PHYSICAL DESCRIPTION
Extent 1132:p
942 ## - ADDED ENTRY ELEMENTS (KOHA)
Koha item type Books
Holdings
Withdrawn status Lost status Damaged status Not for loan Collection code Permanent Location Current Location Shelving location Date acquired Full call number Barcode Date last seen Price effective from Koha item type
        Computer Science MAJU MAJU   2019-08-03 791.43 8785 2019-08-03 2019-08-03 Computer Science

Powered by Koha